There was a country : (Record no. 30661)

000 -LEADER
fixed length control field 00978cam a2200277 a 4500
001 - CONTROL NUMBER
control field 17186202
005 - DATE AND TIME OF LATEST TRANSACTION
control field 20200820120542.0
008 - FIXED-LENGTH DATA ELEMENTS--GENERAL INFORMATION
fixed length control field 120228s2012 nyu b 001 0beng
010 ## - LIBRARY OF CONGRESS CONTROL NUMBER
LC control number 2012005603
020 ## - INTERNATIONAL STANDARD BOOK NUMBER
International Standard Book Number 9781594204821
040 ## - CATALOGING SOURCE
Original cataloging agency DLC
Transcribing agency DLC
Modifying agency DLC
043 ## - GEOGRAPHIC AREA CODE
Geographic area code f-nr---
050 00 - LIBRARY OF CONGRESS CALL NUMBER
Classification number PR9387.9.A3Z46 2012
082 00 - DEWEY DECIMAL CLASSIFICATION NUMBER
Classification number 823/.914
-- B
Edition number 23
100 1# - MAIN ENTRY--PERSONAL NAME
Personal name Achebe, Chinua.
245 10 - TITLE STATEMENT
Title There was a country :
Remainder of title a personal history of Biafra /
Statement of responsibility, etc. Chinua Achebe.
260 ## - PUBLICATION, DISTRIBUTION, ETC. (IMPRINT)
Place of publication, distribution, etc. New York :
Name of publisher, distributor, etc. Penguin Press,
Date of publication, distribution, etc. c2012.
300 ## - PHYSICAL DESCRIPTION
Extent 333 p. ;
Dimensions 24 cm.
504 ## - BIBLIOGRAPHY, ETC. NOTE
Bibliography, etc Includes bibliographical references and index.
600 10 - SUBJECT ADDED ENTRY--PERSONAL NAME
Personal name Achebe, Chinua.
650 #0 - SUBJECT ADDED ENTRY--TOPICAL TERM
Topical term or geographic name as entry element Authors, Nigerian
Chronological subdivision 20th century
Form subdivision Biography.
651 #0 - SUBJECT ADDED ENTRY--GEOGRAPHIC NAME
Geographic name Nigeria
General subdivision History
Chronological subdivision Civil War, 1967-1970
Form subdivision Personal narratives.
906 ## - LOCAL DATA ELEMENT F, LDF (RLIN)
a 7
b cbc
c orignew
d 1
e ecip
f 20
g y-gencatlg
942 ## - ADDED ENTRY ELEMENTS (KOHA)
Source of classification or shelving scheme
Koha item type Africana (Books)
Holdings
Withdrawn status Lost status Source of classification or shelving scheme Damaged status Not for loan Home library Current library Shelving location Date acquired Source of acquisition Cost, normal purchase price Total Checkouts Full call number Barcode Date last seen Date last checked out Price effective from Koha item type
          MACHAKOS UNIVERSITY LIBRARY MACHAKOS UNIVERSITY LIBRARY Special Collection 20/08/2020 purchase(corporate campus ltd) 939.00 2 PR9387.9.A3Z46 2012 23321 03/12/2020 03/12/2020 20/08/2020 Africana (Books)
          MACHAKOS UNIVERSITY LIBRARY MACHAKOS UNIVERSITY LIBRARY Special Collection 20/08/2020 purchase(corporate campus ltd) 939.00 2 PR9387.9.A3Z46 2012 23322 11/03/2024 29/02/2024 20/08/2020 Hard Covered Materials
© Machakos University Library, Along The Highway, Machakos Wote Rd, Machakos, Kenya P.O. Box 136 - 90100 Machakos - Kenya

Tel: ( +254 ) 723 805829 OR Fax : 044-20353 OR Email: library@mksu.ac.ke